00520nam a2200169 a 4500008004100000020001500041020001500056050001400071100002800085245006000113260005600173300002100229350000900250500006400259650001000323650001700333120416s1994 ||||||||||||||||| || u a0582087848 a0582087848 aS 591 Row aRowell, David L., 1937-10aSoil science: methods and applicationscDavid L. Rowell aLondon:bLongman Scientific & Technical Wileyc1994 a[x], 350p.: ill. a0.00 aIncludes bibliographical references (p. 338-344) and index. aSOILS 0aSOIL SCIENCE